2026 Chinese Taipei World Baseball Classic Roster MLB Players Only - Statistics

General Stats
  • This quiz has been taken 10 times
  • The average score is 5 of 9
Answer Stats
Player Number Position MLB Team % Correct
Yu Chang 18 INF Red Sox
89%
Tsung-Che Cheng 1 INF Red Sox
78%
Lyle Lin 27 C Athletics
67%
Stuart Fairchild 17 OF Guardians
67%
Tzu-Wei Lin 15 INF Twins
67%
Wei-En Lin 42 P Athletics
67%
Chen Zhong-Ao Zhuang 48 P Athletics
22%
Chih-Wei Hu 58 P Padres
22%
Kungkuan Giljegiljaw 4 C Guardians
11%
No matching quizzes found
Score Distribution
Percent of People with Each Score
Percentile by Number Answered
Your Score History
You have not taken this quiz